000 00570nam a2200181 ar4500
001 1848
005 20221127090313.0
008 200310s xxk 0001f|eng d
020 _a9780007269020
082 0 4 _a863
_bSa59 2009
100 1 _aSantis, Pablo De.
245 1 4 _aThe Paris enigma :
_ba novel /
_cby Pablo De Santis ; translated from Spanish by Mara Lathem.
260 _aLondon :
_bHarperCollins,
_c2009.
300 _a355p. ;
_c17cm.
650 4 _aSpanish fiction.
650 4 _aSpanish fiction
_xTranslations into English.
700 0 _aLathem, Mara,
_etranslator.
999 _c1846
_d1846